10ヶ国以上に承認されている国 - Statistics

General Stats
  • This quiz has been taken 42 times
    38 since last reset
  • The average score is 164 of 200
Answer Stats
答え % Correct
アメリカ合衆国
100%
日本国
100%
ロシア連邦
100%
アイスランド
96%
アラブ首長国連邦
96%
イスラエル国
96%
インド
96%
オーストラリア連邦
96%
オーストリア共和国
96%
カナダ
96%
キューバ共和国
96%
シンガポール共和国
96%
スウェーデン王国
96%
大韓民国
96%
中華人民共和国
96%
朝鮮民主主義人民共和国
96%
トルクメニスタン
96%
トルコ共和国
96%
ニュージーランド
96%
ノルウェー王国
96%
メキシコ合衆国
96%
モンゴル国
96%
アイルランド
93%
アフガニスタン・イスラム共和国
93%
イタリア共和国
93%
イラク共和国
93%
イラン・イスラム共和国
93%
インドネシア共和国
93%
エジプト・アラブ共和国
93%
オランダ王国
93%
ギニア共和国
93%
グレートブリテン及び北アイルランド連合王国
93%
スペイン王国
93%
タイ王国
93%
中華民国
93%
チリ共和国
93%
デンマーク王国
93%
バチカン市国
93%
フィンランド共和国
93%
ブラジル連邦共和国
93%
フランス共和国
93%
ベトナム社会主義共和国
93%
ペルー共和国
93%
ポルトガル共和国
93%
南アフリカ共和国
93%
南スーダン共和国
93%
アルゼンチン共和国
89%
ウクライナ
89%
ギリシャ共和国
89%
コンゴ共和国
89%
コンゴ民主共和国
89%
シリア・アラブ共和国
89%
スーダン共和国
89%
スロバキア共和国
89%
赤道ギニア共和国
89%
ソマリア連邦共和国
89%
ツバル
89%
ネパール
89%
ブルガリア共和国
89%
ベルギー王国
89%
ラオス人民民主共和国
89%
ルクセンブルク大公国
89%
アゼルバイジャン共和国
86%
アルジェリア民主人民共和国
86%
エストニア共和国
86%
エルサルバドル共和国
86%
カザフスタン共和国
86%
カンボジア王国
86%
キプロス共和国
86%
キルギス共和国
86%
ケニア共和国
86%
コロンビア共和国
86%
サウジアラビア王国
86%
ジョージア
86%
スイス連邦
86%
セルビア共和国
86%
チェコ共和国
86%
ナウル共和国
86%
フィリピン共和国
86%
ベネズエラ・ボリバル共和国
86%
ポーランド共和国
86%
マレーシア
86%
モンテネグロ
86%
ヨルダン・ハシェミット王国
86%
ラトビア共和国
86%
リトアニア共和国
86%
リビア国
86%
アルバニア共和国
82%
アルメニア共和国
82%
アンゴラ共和国
82%
アンドラ公国
82%
ウズベキスタン共和国
82%
エリトリア国
82%
ガーナ共和国
82%
カタール国
82%
スリランカ民主社会主義共和国
82%
タジキスタン共和国
82%
中央アフリカ共和国
82%
トリニダード・トバゴ共和国
82%
トンガ王国
82%
ナイジェリア連邦共和国
82%
パキスタン・イスラム共和国
82%
パプアニューギニア独立国
82%
ブータン王国
82%
ボリビア多民族国
82%
マリ共和国
82%
ミャンマー連邦共和国
82%
モナコ公国
82%
モルディブ共和国
82%
モルドバ共和国
82%
イエメン共和国
79%
エチオピア連邦民主共和国
79%
オマーン国
79%
カーボベルデ共和国
79%
ガイアナ協同共和国
79%
ガボン共和国
79%
ギニアビサウ共和国
79%
クウェート国
79%
クロアチア共和国
79%
ザンビア共和国
79%
サンマリノ共和国
79%
ジャマイカ
79%
スロベニア共和国
79%
セネガル共和国
79%
ドイツ連邦共和国
79%
ニウエ
79%
ハイチ共和国
79%
パナマ共和国
79%
バルバドス
79%
ハンガリー
79%
バングラデシュ人民共和国
79%
東ティモール民主共和国
79%
ベナン共和国
79%
ベラルーシ共和国
79%
ボスニア・ヘルツェゴビナ
79%
マダガスカル共和国
79%
モロッコ王国
79%
ルーマニア
79%
レソト王国
79%
アンティグア・バーブーダ
75%
ウガンダ共和国
75%
ウルグアイ東方共和国
75%
エクアドル共和国
75%
エスワティニ王国
75%
北マケドニア共和国
75%
キリバス共和国
75%
コートジボワール共和国
75%
サモア独立国
75%
シエラレオネ共和国
75%
ナミビア共和国
75%
ニジェール共和国
75%
パラグアイ共和国
75%
パレスチナ国
75%
ブルネイ・ダルサラーム国
75%
マーシャル諸島共和国
75%
ミクロネシア連邦
75%
モーリシャス共和国
75%
モーリタニア・イスラム共和国
75%
リベリア共和国
75%
レバノン共和国
75%
グアテマラ共和国
71%
コソボ共和国
71%
スリナム共和国
71%
セーシェル共和国
71%
セントビンセント及びグレナディーン諸島
71%
タンザニア連合共和国
71%
チュニジア共和国
71%
ドミニカ共和国
71%
ドミニカ国
71%
ニカラグア共和国
71%
マルタ共和国
71%
リヒテンシュタイン公国
71%
ガンビア共和国
68%
コスタリカ共和国
68%
ジンバブエ共和国
68%
ソロモン諸島
68%
チャド共和国
68%
トーゴ共和国
68%
バーレーン王国
68%
バヌアツ共和国
68%
バハマ国
68%
パラオ共和国
68%
ベリーズ
68%
ボツワナ共和国
68%
ホンジュラス共和国
68%
モザンビーク共和国
68%
ルワンダ共和国
68%
カメルーン共和国
64%
クック諸島
64%
ジブチ共和国
64%
セントルシア
64%
ブルンジ共和国
64%
マラウイ共和国
64%
グレナダ
61%
コモロ連合
61%
サハラ・アラブ民主共和国
61%
サントメ・プリンシペ民主共和国
61%
セントクリストファー・ネービス
61%
フィジー共和国
57%
ブルキナファソ
57%
No matching quizzes found
Score Distribution
Percent of People with Each Score
Percentile by Number Answered
Your Score History
You have not taken this quiz since the last reset